000 00313nam a2200121Ia 4500
008 241015s9999 xx 000 0 und d
041 _aeng
082 _a658.4092 PAP
100 _aPapworth, Kirstie Drummond
245 _aCompassionate Leadership
260 _bDe Gruyter
_aBoston
_c2023
300 _a204;. P. 24 cm
999 _c41633
_d41633